000
00331nam a2200145Ia 4500
005
20250603144835.0
008
250603s9999 xx 000 0 und d
245
0
_a
Election mandate protection : source guide
260
_a
Abuja
260
_b
Global Rights
260
_c
2006
300
_a
25 p
650
_a
Abuja
942
_c
BK
999
_c
40107
_d
40107